| 000 | 00655nam a2200229 a 4500 | ||
|---|---|---|---|
| 005 | 20210219153243.0 | ||
| 008 | 991125n 000 0 spa u | ||
| 035 | _aUPN01000086153 | ||
| 100 | _aD'ANGELO, Estela | ||
| 222 | _aLA EDUCACION EN LOS PRIMEROS AÑOS | ||
| 245 | _aLos animales en la vida cotidiana del aula : propuestas para distintos proyectos | ||
| 260 | _aBuenos Aires, Argentina | ||
| 300 | _a56-75 | ||
| 362 | _a1999 2 (17) | ||
| 653 | 0 | _aANIMALES | |
| 653 | 0 | _aEDUCACION INFANTIL | |
| 653 | 0 | _aEXCURCIONES ESCOLARES | |
| 653 | 0 | _aGRANJA | |
| 700 | _aMEDINA DE LA MAZA, Angeles | ||
| 904 |
_aAC _b023964 |
||
| 905 | _aArticulo | ||
| 999 |
_c72180 _d72180 |
||